000 00512nam a22001937a 4500
003 MPLRDC
005 20220104144057.0
008 210129b ||||| |||| 00| 0 eng d
020 _a962-7426-30-1
082 _a245.6 LH
100 _a龙萧念全编
245 _a无国界孩子, 华人宣教士子女手记
_c
250 _a初版
260 _a
_b香港差传事工联会
_c2000
300 _b
490 _a宣教情怀系列. 3
650 _a讲道; 传道--海外传道
942 _cBK
_o245.6 LH
999 _c46155
_d46145